000 00282 a2200097 4500
090 _c3595
_d3595
100 _aNatasha knight
245 _aEsam Cram Windows 2000 Server Microsoft Certified Systems Engineer
260 _aDreamtech Press
_bNew Delhi
_c2000
942 _aNBS
_cBK
_k005.1 KNI
999 _c346066
_d346066